KOHA-Header-6

Schaums Outline Vector Analysis (Record no. 7905)

000 -LEADER
fixed length control field 00271nam a2200109Ia 4500
100 ## - MAIN ENTRY--AUTHOR NAME
Personal name Murray R.Spiegel
245 #0 - TITLE STATEMENT
Title Schaums Outline Vector Analysis
260 ## - PUBLICATION, DISTRIBUTION, ETC. (IMPRINT)
Place of publication India
Name of publisher McGraw Hill
Year of publication 2004
300 ## - PHYSICAL DESCRIPTION
Number of Pages 225
942 ## - ADDED ENTRY ELEMENTS (KOHA)
Koha item type Books
Holdings
Withdrawn status Lost status Collection code Permanent Location Current Location Shelving location Date acquired Full call number Accession Number Koha item type
    Statistics MAJU MAJU Shelf No.A27 2019-09-12 515.63 2220 Statistics

Powered by Koha